000 00656nam a22002057a 4500
999 _c11933
_d11933
003 AR-CdUCM
008 190405b ||||| |||| 00| 0 spa d
040 _aMUNICIPALIDAD PROVINCIAL DEL CUSCO
_cBIBLIOTECA MUNICIPAL DEL CUSCO
082 _a986.2 /
_bY78
100 _aYanez, Marcial
_929554
245 _aPor el oriente Ecuatoriano /
260 _aBarcelona :
_bLibreria salesiana,
300 _a173 paginas ;
_c19 cm.
505 _aContenido :Aspecto general de la república de Ecuador /
650 _aEcuador
_910121
650 _aPosición topográfica
_929555
650 _aPoblación
_93673
942 _2ddc
_cLIBROS
945 _arjall
_d2019-04-05